| 000 | 00859cam2a220025300 4500 | ||
|---|---|---|---|
| 001 | qce01903765 | ||
| 005 | 20190830104147.0 | ||
| 008 | 810123s1980 ne b 001 0 eng d | ||
| 010 | _a 80051738 | ||
| 020 | _a9028601600 | ||
| 035 | _a(Sirsi) r25847 | ||
| 035 | _a(QCAT)lss02968348 | ||
| 035 | _a(UPRA)qce01903765 | ||
| 040 | _dUPRA | ||
| 100 | 1 |
_aLerner, Natan. _6A76649.1 |
|
| 245 | 1 | 4 |
_aThe U.N. Convention on the Elimination of All Forms of Racial Discrimination / _cby Natan Lerner. |
| 250 | _a[2nd ed.]. | ||
| 260 |
_aAlphen aan den Rijn, The Netherlands ; Rockville, MD : _aAlphen aan den Rijn, The Netherlands ; Rockville, MD : _bSijthoff & Noordhoff, _c1980. |
||
| 500 | _aIncludes index. | ||
| 504 | _aBibliography: p. 249-251. | ||
| 630 | 0 | 0 |
_d(1966) _6S64114.1 |
| 949 |
_aHT1521 _wlcc _i-26297 _mMAIN _tBOOK _lON-SHELF |
||
| 004 | 25847 | ||
| 999 |
_c185472 _d185472 |
||